[Event "BCF-chT3S 1819 (4NCL) Promotion pool"]
[Site "England"]
[Date "2019.05.06"]
[Round "11.31"]
[White "Moyse, Nigel John"]
[Black "Moloney, Nicholas"]
[Result "0-1"]
[WhiteElo "2061"]
[BlackElo "2157"]
[PlyCount "100"]
[EventDate "2019.04.14"]
[EventType "team-tourn"]
[EventRounds "11"]
[EventCountry "ENG"]
[SourceTitle "EXT 2021"]
[Source "ChessBase"]
[SourceDate "2020.10.23"]
[SourceVersion "1"]
[SourceVersionDate "2020.10.23"]
[SourceQuality "1"]
[WhiteTeam "Oxford II"]
[BlackTeam "Fermented Sharks"]
[WhiteTeamCountry "ENG"]
[BlackTeamCountry "ENG"]

1. d4 f5 2. c4 Nf6 3. g3 g6 4. Bg2 Bg7 5. Nc3 0-0 6. Nf3 d6 7. d5 Nbd7 8. 0-0 Ne5 9. Nd2 c5 10. f4 Neg4 11. Nb3 Rb8 12. h3 Nh6 13. Kh2 Re8 14. a4 a6 15. Nd2 e5 16. dxe6 Bxe6 17. e4 fxe4 18. Ncxe4 Nxe4 19. Bxe4 d5 20. Bd3 Nf5 21. Re1 dxc4 22. Nxc4 Qd4 23. Qc2 Rbd8 24. Ra3 b5 25. axb5 axb5 26. Ne5 c4 27. Bf1 Bd5 28. Be3 Nxe3 29. Raxe3 Bxe5 30. Rxe5 Rxe5 31. Rxe5 Bc6 32. Re2 Bf3 33. Re5 Qd2+ 34. Qxd2 Rxd2+ 35. Kg1 Rxb2 36. Rxb5 Rxb5 37. Bxc4+ Rd5 38. Bxd5+ Bxd5 39. g4 Kf7 40. Kf2 Kf6 41. Kg3 Be4 42. Kf2 Ke6 43. Kg3 Bd3 44. Kh4 Bf1 45. Kg3 Kd5 46. h4 Ke4 47. h5 gxh5 48. gxh5 h6 49. Kh4 Be2 50. Kg3 Kf5 0-1

[Event "BCF-chT3Sa 1819 (4NCL)"]
[Site "England"]
[Date "2019.01.12"]
[Round "3.41"]
[White "Martin, Lewis"]
[Black "Moloney, Nicholas"]
[Result "1-0"]
[WhiteElo "2165"]
[BlackElo "2161"]
[PlyCount "95"]
[EventDate "2018.11.17"]
[EventType "team-tourn"]
[EventRounds "7"]
[EventCountry "ENG"]
[SourceTitle "EXT 2021"]
[Source "ChessBase"]
[SourceDate "2020.10.23"]
[SourceVersion "1"]
[SourceVersionDate "2020.10.23"]
[SourceQuality "1"]
[WhiteTeam "Check Innmates"]
[BlackTeam "Fermented Sharks"]
[WhiteTeamCountry "ENG"]
[BlackTeamCountry "ENG"]

1. e4 c5 2. Nf3 d6 3. d4 cxd4 4. Nxd4 Nf6 5. Nc3 g6 6. Be2 Bg7 7. Be3 0-0 8. Nb3 Nc6 9. 0-0 Be6 10. f4 Na5 11. Nxa5 Qxa5 12. Bf3 Rac8 13. Qd2 Nd7 14. Bd4 Bxd4+ 15. Qxd4 Qb6 16. Qxb6 Nxb6 17. Rf2 Rc5 18. Nd1 Rfc8 19. c3 a5 20. b3 d5 21. exd5 Bxd5 22. c4 Bxf3 23. Rxf3 Rd8 24. Nf2 Rc7 25. Rd3 Rxd3 26. Nxd3 Rd7 27. Rd1 Na8 28. Kf2 Nc7 29. Ke3 Ne6 30. Nb2 Rxd1 31. Nxd1 f5 32. Nc3 Kf7 33. a3 Ke8 34. b4 axb4 35. axb4 Kd7 36. g3 Kd6 37. Nb5+ Kd7 38. Nd4 Nd8 39. Nf3 Nf7 40. Kd4 Kd6 41. c5+ Kc6 42. Kc4 h6 43. h4 Kd7 44. b5 Ke6 45. Nd4+ Kf6 46. c6 bxc6 47. bxc6 e5 48. Kd5 1-0

[Event "BCF-chT3Sa 1819 (4NCL)"]
[Site "England"]
[Date "2018.11.17"]
[Round "1.21"]
[White "Moloney, Nicholas"]
[Black "Stanisz, Patryk"]
[Result "1/2-1/2"]
[WhiteElo "2167"]
[BlackElo "2145"]
[PlyCount "76"]
[EventDate "2018.11.17"]
[EventType "team-tourn"]
[EventRounds "7"]
[EventCountry "ENG"]
[SourceTitle "EXT 2021"]
[Source "ChessBase"]
[SourceDate "2020.10.23"]
[SourceVersion "1"]
[SourceVersionDate "2020.10.23"]
[SourceQuality "1"]
[WhiteTeam "Fermented Sharks"]
[BlackTeam "Cambridge University II"]
[WhiteTeamCountry "ENG"]
[BlackTeamCountry "ENG"]

1. d4 d5 2. c4 c6 3. Nc3 Nf6 4. cxd5 cxd5 5. Bf4 Nc6 6. e3 a6 7. Bd3 e6 8. Rc1 Bd6 9. Bxd6 Qxd6 10. f4 b5 11. Nf3 Bb7 12. Ne5 Ne7 13. 0-0 0-0 14. Qf3 Rac8 15. a3 g6 16. g4 Nd7 17. Nxd7 Qxd7 18. g5 Rc7 19. Nb1 Nc8 20. Nd2 Nb6 21. Qe2 Rfc8 22. Ra1 Qe7 23. Nf3 Kg7 24. Ne5 f5 25. gxf6+ Qxf6 26. Kh1 Nc4 27. Rg1 Nxe5 28. fxe5 Qh4 29. Raf1 Rf8 30. Rxf8 Kxf8 31. Rg4 Qh3 32. Rf4+ Kg7 33. Qf2 a5 34. Bxb5 Rc1+ 35. Bf1 Ba6 36. Rf7+ Kg8 37. Rf8+ Kg7 38. Rf7+ Kg8 1/2-1/2

[Event "BCF-chT3S 1718 (4NCL) Demotion pool"]
[Site "England"]
[Date "2018.05.05"]
[Round "9.71"]
[White "Hall, John"]
[Black "Moloney, Nicholas"]
[Result "1-0"]
[WhiteElo "2180"]
[BlackElo "2185"]
[PlyCount "193"]
[EventDate "2017.11.11"]
[EventType "team-tourn"]
[EventRounds "11"]
[EventCountry "ENG"]
[SourceTitle "EXT 2020"]
[Source "ChessBase"]
[SourceDate "2019.10.17"]
[SourceVersion "1"]
[SourceVersionDate "2019.10.17"]
[SourceQuality "1"]
[WhiteTeam "Leeds University Old Boys"]
[BlackTeam "Fermented Sharks"]
[WhiteTeamCountry "ENG"]
[BlackTeamCountry "ENG"]

1. e4 c6 2. d4 d5 3. exd5 cxd5 4. c4 Nf6 5. Nc3 Nc6 6. Bg5 Be6 7. a3 Qd7 8. Bxf6 gxf6 9. f4 0-0-0 10. f5 dxc4 11. fxe6 Qxe6+ 12. Qe2 Nxd4 13. Qxe6+ fxe6 14. Rd1 b5 15. Nf3 Nc2+ 16. Ke2 a6 17. Rxd8+ Kxd8 18. g3 Bh6 19. Bh3 f5 20. Rd1+ Ke8 21. Ne1 Nxe1 22. Kxe1 Kf7 23. Bg2 Rb8 24. Rd7 b4 25. axb4 Rxb4 26. Rb7 a5 27. Nd1 Bc1 28. Rxb4 axb4 29. Bf1 c3 30. bxc3 bxc3 31. Nxc3 Kf6 32. Bc4 Bb2 33. Nb5 Be5 34. Ke2 Bb8 35. Nd4 e5 36. Ne6 h6 37. Nf8 Bd6 38. Nd7+ Kg5 39. Kf3 e4+ 40. Kg2 f4 41. Be6 fxg3 42. hxg3 Ba3 43. Nb6 Bd6 44. Nd5 Be5 45. Bd7 Bf6 46. Nf4 Be5 47. Nh3+ Kg6 48. Nf2 e3 49. Ne4 h5 50. Kf3 h4 51. g4 Bd4 52. Bb5 Bb6 53. Kg2 Kf7 54. Bc4+ Kg7 55. Kh3 Bd4 56. Kxh4 Be5 57. Kg5 Bb2 58. Ng3 Bc1 59. Ne2 Bb2 60. Kf4 e5+ 61. Kxe3 e4 62. Kxe4 Kg6 63. Ng1 Kg5 64. Be6 Kf6 65. Bd7 Kg6 66. Nf3 Bg7 67. g5 Kf7 68. Kf5 Kg8 69. Kg6 Kh8 70. Kf7 Kh7 71. Nh4 Kh8 72. Nf5 Be5 73. g6 Bg7 74. Bb5 Bf8 75. g7+ Bxg7 76. Nxg7 Kh7 77. Ne6 Kh8 78. Nf4 Kh7 79. Ng6 Kh6 80. Kf6 Kh7 81. Bc4 Kh6 82. Bg8 Kh5 83. Ne5 Kh6 84. Ng4+ Kh5 85. Kf5 Kh4 86. Kf4 Kh5 87. Bf7+ Kh4 88. Ne3 Kh3 89. Be8 Kh4 90. Ng2+ Kh3 91. Kf3 Kh2 92. Kf2 Kh3 93. Bd7+ Kh2 94. Ne3 Kh1 95. Be6 Kh2 96. Nf1+ Kh1 97. Bd5# 1-0

[Event "BCF-chT3Sb 1718 (4NCL)"]
[Site "England"]
[Date "2018.03.24"]
[Round "7.61"]
[White "Moloney, Nicholas"]
[Black "Fowler, Hugo"]
[Result "1-0"]
[WhiteElo "2185"]
[BlackElo "1780"]
[PlyCount "53"]
[EventDate "2017.11.11"]
[EventType "team-tourn"]
[EventRounds "11"]
[EventCountry "ENG"]
[SourceTitle "EXT 2020"]
[Source "ChessBase"]
[SourceDate "2019.10.17"]
[SourceVersion "1"]
[SourceVersionDate "2019.10.17"]
[SourceQuality "1"]
[WhiteTeam "Fermented Sharks"]
[BlackTeam "West is Best III"]
[WhiteTeamCountry "ENG"]
[BlackTeamCountry "WLS"]

1. Nf3 Nf6 2. d4 g6 3. g3 Bg7 4. Bg2 0-0 5. 0-0 c5 6. c4 Nc6 7. d5 Na5 8. Nfd2 d6 9. Nc3 b6 10. Qc2 Ba6 11. b3 Qd7 12. a4 Rab8 13. Bb2 Rfe8 14. Rad1 h5 15. h3 Bc8 16. Nf3 Qf5 17. e4 Nxe4 18. Nh4 Qe5 19. Bxe4 Bxh3 20. Rfe1 Qg5 21. Bg2 Bd4 22. Ne4 Qg4 23. Bxd4 cxd4 24. Rxd4 Kf8 25. Bxh3 Qxh3 26. Ng5 Qd7 27. Nxg6+ 1-0

[Event "BCF-chT3Sb 1718 (4NCL)"]
[Site "England"]
[Date "2018.01.13"]
[Round "3.61"]
[White "Moloney, Nicholas"]
[Black "Mihalik, Agoston"]
[Result "0-1"]
[WhiteElo "2185"]
[BlackElo "2142"]
[PlyCount "108"]
[EventDate "2017.11.11"]
[EventType "team-tourn"]
[EventRounds "11"]
[EventCountry "ENG"]
[SourceTitle "EXT 2020"]
[Source "ChessBase"]
[SourceDate "2019.10.17"]
[SourceVersion "1"]
[SourceVersionDate "2019.10.17"]
[SourceQuality "1"]
[WhiteTeam "Fermented Sharks"]
[BlackTeam "Brown Jack"]
[WhiteTeamCountry "ENG"]
[BlackTeamCountry "ENG"]

1. d4 Nf6 2. c4 e6 3. Nc3 Bb4 4. e3 b6 5. Nge2 Bb7 6. a3 Bxc3+ 7. Nxc3 d5 8. cxd5 exd5 9. g3 0-0 10. Bg2 a5 11. 0-0 Re8 12. Ne2 a4 13. Nc3 Qd7 14. Re1 c5 15. dxc5 bxc5 16. Bd2 c4 17. Re2 Bc6 18. Be1 Na6 19. Rd2 Rad8 20. Ne2 Ne4 21. Rc2 Nac5 22. Nd4 Rb8 23. f3 Nd6 24. Re2 Nd3 25. Bc3 Rb6 26. Bf1 Ba8 27. Qd2 Reb8 28. Rb1 Nf5 29. Rg2 Ne5 30. Rf2 Rh6 31. Re1 Re8 32. Qc2 Nd6 33. Bb4 Bc6 34. Rd1 Rf6 35. Be2 h5 36. Qd2 Ba8 37. Bf1 Rg6 38. Rg2 Nb5 39. Qf2 Rf6 40. Be2 Ng4 41. fxg4 Rxf2 42. Rxf2 hxg4 43. Nf5 Re4 44. Rdf1 Qb7 45. Bxg4 Rxg4 46. Ne7+ Kh7 47. Rf5 Rg6 48. Nxd5 f6 49. R1f4 Nc7 50. e4 Nxd5 51. exd5 Rg5 52. Rxg5 fxg5 53. Rf5 Qb6+ 54. Kf1 Qe3 0-1

[Event "BCF-chT3S 1617 (4NCL) Promotion pool"]
[Site "England"]
[Date "2017.05.01"]
[Round "11.12"]
[White "Bulmaga, Irina"]
[Black "Moloney, Nicholas"]
[Result "1-0"]
[WhiteElo "2237"]
[BlackElo "2181"]
[PlyCount "83"]
[EventDate "2016.11.26"]
[EventType "team-tourn"]
[EventRounds "11"]
[EventCountry "ENG"]
[SourceTitle "EXT 2019"]
[Source "ChessBase"]
[SourceDate "2018.10.10"]
[SourceVersion "1"]
[SourceVersionDate "2018.10.10"]
[SourceQuality "1"]
[WhiteTeam "Wood Green"]
[BlackTeam "Fermented Sharks"]
[WhiteTeamCountry "ENG"]
[BlackTeamCountry "ENG"]

1. e4 c6 2. d4 d5 3. e5 Bf5 4. Nf3 e6 5. Be2 Nd7 6. 0-0 Ne7 7. Nbd2 h6 8. Nb3 Qc7 9. Bd2 Nc8 10. Rc1 b5 11. Qe1 Ncb6 12. Nh4 Bh7 13. f4 Nc4 14. f5 Nxd2 15. Nxd2 exf5 16. Nxf5 0-0-0 17. Ne3 Nb6 18. Nb3 Nc4 19. Nxc4 bxc4 20. Bg4+ Kb8 21. Na5 Bg6 22. b4 Be7 23. Rb1 Qb6 24. Bf5 Bxf5 25. Rxf5 Rhf8 26. c3 g6 27. Rf3 Ka8 28. Qf2 Rb8 29. Rf1 a6 30. a3 f5 31. exf6 Bd6 32. Re1 Qc7 33. g3 Rf7 34. Kg2 Ka7 35. Qc2 Rbf8 36. Re6 Qd7 37. Rfe3 Kb6 38. Qe2 Rc8 39. Qg4 Rg8 40. Qh3 Rh8 41. Rxd6 Qxd6 42. Re6 1-0

[Event "BCF-chT3Sb 1617 (4NCL)"]
[Site "England"]
[Date "2017.02.12"]
[Round "6.61"]
[White "Gooding, Ian R"]
[Black "Moloney, Nicholas"]
[Result "0-1"]
[WhiteElo "2034"]
[BlackElo "2174"]
[PlyCount "124"]
[EventDate "2016.11.26"]
[EventType "team-tourn"]
[EventRounds "11"]
[EventCountry "ENG"]
[SourceTitle "EXT 2019"]
[Source "ChessBase"]
[SourceDate "2018.10.10"]
[SourceVersion "1"]
[SourceVersionDate "2018.10.10"]
[SourceQuality "1"]
[WhiteTeam "Cambridge University II"]
[BlackTeam "Fermented Sharks"]
[WhiteTeamCountry "ENG"]
[BlackTeamCountry "ENG"]

1. e4 c5 2. Nf3 Nc6 3. d4 cxd4 4. Nxd4 Nf6 5. Nc3 e5 6. Ndb5 d6 7. Nd5 Nxd5 8. exd5 Nb8 9. a4 Be7 10. Be2 0-0 11. 0-0 f5 12. f4 a6 13. Na3 e4 14. Be3 Nd7 15. Nc4 Qe8 16. b4 Qf7 17. Ra3 Nf6 18. Nb6 Rb8 19. c4 Nd7 20. Qd2 Nxb6 21. Bxb6 Bd8 22. Be3 b6 23. Rd1 Bf6 24. a5 bxa5 25. Rxa5 Rd8 26. c5 dxc5 27. Bxc5 Bb7 28. Bc4 Kh8 29. Qa2 Qh5 30. Be2 Qh6 31. g3 g5 32. Be3 Qg7 33. fxg5 Bxg5 34. Bd4 Bf6 35. Qb2 Bxd4+ 36. Qxd4 Rd6 37. Qxg7+ Kxg7 38. Kf2 Kf6 39. Rc5 Ke5 40. Rc7 Bxd5 41. Re7+ Kf6 42. Rxh7 Rxb4 43. Rh6+ Ke5 44. Rxd6 Kxd6 45. Bxa6 Rb2+ 46. Ke3 Ke5 47. Rd2 Rb3+ 48. Ke2 Ra3 49. Bb5 Rb3 50. Ba6 Rb6 51. Bc8 Bc4+ 52. Ke1 e3 53. Rd8 Rb1+ 54. Rd1 Rb2 55. Rc1 Bd3 56. Rd1 Re2+ 57. Kf1 Rf2+ 58. Kg1 Kd4 59. Ra1 Kc3 60. Ra3+ Kd2 61. Ra2+ Bc2 62. Bb7 Rf1+ 0-1

[Event "BCF-chT3Sb 1617 (4NCL)"]
[Site "England"]
[Date "2016.11.26"]
[Round "1.81"]
[White "Peters, Alexander John"]
[Black "Moloney, Nicholas"]
[Result "0-1"]
[WhiteElo "2006"]
[BlackElo "2169"]
[PlyCount "76"]
[EventDate "2016.11.26"]
[EventType "team-tourn"]
[EventRounds "11"]
[EventCountry "ENG"]
[SourceTitle "EXT 2019"]
[Source "ChessBase"]
[SourceDate "2018.10.10"]
[SourceVersion "1"]
[SourceVersionDate "2018.10.10"]
[SourceQuality "1"]
[WhiteTeam "Iceni"]
[BlackTeam "Fermented Sharks"]
[WhiteTeamCountry "ENG"]
[BlackTeamCountry "ENG"]

1. e4 c5 2. Nf3 Nc6 3. Bb5 e6 4. 0-0 Nge7 5. Re1 a6 6. Bf1 b5 7. d4 Nxd4 8. Nxd4 cxd4 9. Qxd4 Nc6 10. Qd1 Qc7 11. g3 Bb7 12. Nc3 Bb4 13. Bd2 0-0 14. a3 Bc5 15. Bf4 d6 16. Qh5 Nd4 17. Bd3 g6 18. Qd1 f5 19. Be3 fxe4 20. Bxe4 Nf3+ 21. Bxf3 Rxf3 22. Bxc5 Qxc5 23. Qe2 e5 24. Ne4 Bxe4 25. Qxe4 Raf8 26. Rad1 Rxf2 27. Qd5+ Qxd5 28. Rxd5 Rxc2 29. Rxd6 Rff2 30. Rxe5 Rg2+ 31. Kh1 Rxh2+ 32. Kg1 Rcg2+ 33. Kf1 Rxb2 34. Kg1 Rhd2 35. Re8+ Kg7 36. Re7+ Kh6 37. Rxd2 Rxd2 38. Ra7 Ra2 0-1

[Event "London Classic op 4th"]
[Site "London"]
[Date "2012.12.06"]
[Round "6"]
[White "Moloney, Nicholas"]
[Black "Tart, Peter K"]
[Result "1-0"]
[WhiteElo "2168"]
[BlackElo "1989"]
[PlyCount "115"]
[EventDate "2012.12.01"]
[EventType "swiss"]
[EventRounds "9"]
[EventCountry "ENG"]
[SourceTitle "CBM 151 Extra"]
[Source "ChessBase"]
[SourceDate "2012.12.18"]
[SourceVersion "1"]
[SourceVersionDate "2012.12.18"]
[SourceQuality "1"]

1. d4 Nf6 2. c4 c5 3. d5 e6 4. Nc3 exd5 5. cxd5 d6 6. e4 g6 7. f4 Bg7 8. Bd3 0-0 9. Nf3 Re8 10. 0-0 Bg4 11. Qb3 Bxf3 12. Rxf3 Nbd7 13. a4 c4 14. Qxc4 Rc8 15. Qb4 a5 16. Qb5 Rc5 17. Qb3 Rxc3 18. bxc3 Nc5 19. Qc2 Nfxe4 20. Bb5 Re7 21. Ra3 Nf6 22. Qd1 Qb6 23. Kh1 Nxd5 24. c4 Ne4 25. Qf1 Ndf6 26. Be3 Qc7 27. Rd3 Ng4 28. Bg1 Nc5 29. Rd1 Nh6 30. h3 Nf5 31. g4 Nh4 32. Re3 Rxe3 33. Bxe3 Qe7 34. Bxc5 Qe4+ 35. Kh2 dxc5 36. Rd8+ Bf8 37. Re8 Qc2+ 38. Kg3 g5 39. fxg5 Ng6 40. Qe2 Qc1 41. Qe3 Qd1 42. Kf2 Qc2+ 43. Qe2 Qc3 44. Qe3 Qc2+ 45. Kg3 Qd1 46. h4 Qd6+ 47. Kh3 Nf4+ 48. Kh2 Ng6+ 49. Qg3 Qd2+ 50. Kh1 Kg7 51. h5 Nf4 52. h6+ Kg6 53. Bd7 Qxd7 54. Qxf4 Qd1+ 55. Kg2 Qc2+ 56. Qf2 Qxf2+ 57. Kxf2 Bd6 58. Rg8# 1-0

[Event "London Classic op 4th"]
[Site "London"]
[Date "2012.12.04"]
[Round "4"]
[White "Moloney, Nicholas"]
[Black "Barasi, Paul Dl"]
[Result "1-0"]
[WhiteElo "2168"]
[BlackElo "1978"]
[PlyCount "59"]
[EventDate "2012.12.01"]
[EventType "swiss"]
[EventRounds "9"]
[EventCountry "ENG"]
[SourceTitle "CBM 151 Extra"]
[Source "ChessBase"]
[SourceDate "2012.12.18"]
[SourceVersion "1"]
[SourceVersionDate "2012.12.18"]
[SourceQuality "1"]

1. d4 d5 2. c4 Nc6 3. Nc3 dxc4 4. Nf3 Nf6 5. e3 g6 6. Bxc4 Bg7 7. 0-0 0-0 8. h3 a6 9. a4 Na5 10. Ba2 b6 11. Bd2 c5 12. Qe2 Bb7 13. Rfd1 Rc8 14. dxc5 bxc5 15. e4 c4 16. e5 Ne8 17. Bg5 Qc7 18. Nd5 Bxd5 19. Rxd5 e6 20. Rd4 Qc5 21. Rad1 Nc7 22. Bxc4 Nxc4 23. Rxc4 Qb6 24. Rdc1 f6 25. Rc6 Qb7 26. Bxf6 Bxf6 27. exf6 Rxf6 28. Qc2 Rf7 29. Ne5 Rg7 30. Qc3 1-0

[Event "London Classic op 4th"]
[Site "London"]
[Date "2012.12.02"]
[Round "2"]
[White "Moloney, Nicholas"]
[Black "Gullaksen, Eirik Tvedt"]
[Result "0-1"]
[WhiteElo "2168"]
[BlackElo "2384"]
[PlyCount "80"]
[EventDate "2012.12.01"]
[EventType "swiss"]
[EventRounds "9"]
[EventCountry "ENG"]
[SourceTitle "CBM 151 Extra"]
[Source "ChessBase"]
[SourceDate "2012.12.18"]
[SourceVersion "1"]
[SourceVersionDate "2012.12.18"]
[SourceQuality "1"]

1. d4 Nf6 2. Nf3 g6 3. Bg5 Bg7 4. Nbd2 0-0 5. c3 d6 6. e4 c5 7. dxc5 dxc5 8. Bc4 Qc7 9. Qe2 Nc6 10. 0-0 h6 11. Bxf6 exf6 12. Rad1 Re8 13. Rfe1 a6 14. a4 Bd7 15. Nb3 Ne5 16. Nxe5 Rxe5 17. a5 Ba4 18. Rd5 Rae8 19. Rxe5 Rxe5 20. Qd3 Re7 21. Qg3 Qxg3 22. hxg3 Bc6 23. Nxc5 f5 24. Kf1 fxe4 25. Nd3 Kf8 26. Nb4 Be8 27. Rd1 Be5 28. Nd5 Rd7 29. Ke2 f5 30. Ne3 Ke7 31. Rxd7+ Kxd7 32. Bd5 Kc7 33. Nc4 Bf6 34. f3 exf3+ 35. gxf3 h5 36. f4 g5 37. Bxb7 gxf4 38. gxf4 Kxb7 39. Nd6+ Kc6 40. Nxe8 Bh8 0-1

[Event "Leipzig VfB op 18th"]
[Site "Leipzig"]
[Date "2011.03.26"]
[Round "8"]
[White "Moloney, Nicholas"]
[Black "Just, Joachim"]
[Result "1-0"]
[WhiteElo "2190"]
[BlackElo "2032"]
[PlyCount "109"]
[EventDate "2011.03.20"]
[EventType "swiss"]
[EventRounds "9"]
[EventCountry "GER"]
[SourceTitle "CBM 141 Extra"]
[Source "ChessBase"]
[SourceDate "2011.05.03"]
[SourceVersion "1"]
[SourceVersionDate "2011.05.03"]
[SourceQuality "1"]

1. d4 d5 2. c4 c6 3. Nc3 Nf6 4. cxd5 cxd5 5. Bf4 Nc6 6. e3 g6 7. Nf3 Bg7 8. h3 0-0 9. Bd3 Bf5 10. Bxf5 gxf5 11. Ne5 Ne4 12. Nxc6 bxc6 13. Nxe4 fxe4 14. 0-0 Re8 15. Rc1 Qd7 16. Qg4 Qxg4 17. hxg4 Rec8 18. g5 a5 19. Rc2 Ra6 20. Rfc1 Bf8 21. f3 e6 22. Kf2 c5 23. fxe4 dxe4 24. Kg3 Rac6 25. Be5 h6 26. Kg4 Be7 27. Bf6 Bxf6 28. gxf6 Kh7 29. Rxc5 Rg8+ 30. Kf4 Rb6 31. R1c2 Rg6 32. Rxa5 Rxf6+ 33. Kxe4 Rg6 34. Ra7 Kg7 35. Rf2 Rf6 36. Rxf6 Kxf6 37. b3 Rb8 38. Ra5 Rg8 39. Kf3 Rc8 40. a4 Rc1 41. b4 Rb1 42. Rb5 Ra1 43. a5 Ke7 44. Rb7+ Kf6 45. Rb6 Kf5 46. Rb5+ Kf6 47. e4 Ra3+ 48. Kf4 Ra1 49. e5+ Kg6 50. d5 exd5 51. Rxd5 Rf1+ 52. Ke4 Re1+ 53. Kd4 Kf5 54. a6 Rd1+ 55. Kc5 1-0

[Event "Novy Bor op"]
[Site "Novy Bor"]
[Date "2011.02.16"]
[Round "5"]
[White "Moloney, Nicholas"]
[Black "Perdek, Miroslaw"]
[Result "1/2-1/2"]
[WhiteElo "2202"]
[BlackElo "2245"]
[PlyCount "111"]
[EventDate "2011.02.12"]
[EventType "swiss"]
[EventRounds "9"]
[EventCountry "CZE"]
[SourceTitle "CBM 140 Extra"]
[Source "ChessBase"]
[SourceDate "2011.03.01"]
[SourceVersion "1"]
[SourceVersionDate "2011.03.01"]
[SourceQuality "1"]

1. e4 c5 2. c3 Nf6 3. e5 Nd5 4. g3 d6 5. exd6 e6 6. Bg2 Bxd6 7. Nf3 Nc6 8. 0-0 0-0 9. d4 cxd4 10. Nxd4 Bc5 11. Nxc6 bxc6 12. c4 Ne7 13. Nc3 a5 14. Qh5 Bd4 15. Rd1 e5 16. Be3 Be6 17. Ne2 g6 18. Qf3 Nf5 19. Bxd4 exd4 20. b3 Rc8 21. Nf4 c5 22. Re1 Ng7 23. Re5 a4 24. Nd3 Qb6 25. Nb2 axb3 26. axb3 Rb8 27. Na4 Qxb3 28. Qxb3 Rxb3 29. Nxc5 Rc3 30. Bd5 Bxd5 31. Rxd5 Rxc4 32. Nd7 Rfc8 33. Nf6+ Kh8 34. Ra7 Ne8 35. Nxe8 Rxe8 36. Rxf7 Rc6 37. Rxd4 h5 38. Rdd7 Kg8 39. Kg2 Rd6 40. Rg7+ Kh8 41. Rh7+ Kg8 42. Rhg7+ Kh8 43. Rge7 Rxe7 44. Rxe7 Rd3 45. h4 Kg8 46. Kf1 Rd2 47. Kg2 Rd3 48. Re3 Rd6 49. Re4 Rd3 50. g4 hxg4 51. Rxg4 Kf7 52. Rf4+ Kg7 53. f3 Rd5 54. Kg3 g5 55. Rg4 Kh6 56. Rxg5 1/2-1/2

[Event "Novy Bor op"]
[Site "Novy Bor"]
[Date "2011.02.13"]
[Round "2"]
[White "Moloney, Nicholas"]
[Black "Khamidov, Komil"]
[Result "1-0"]
[WhiteElo "2202"]
[BlackElo "1980"]
[PlyCount "117"]
[EventDate "2011.02.12"]
[EventType "swiss"]
[EventRounds "9"]
[EventCountry "CZE"]
[SourceTitle "CBM 140 Extra"]
[Source "ChessBase"]
[SourceDate "2011.03.01"]
[SourceVersion "1"]
[SourceVersionDate "2011.03.01"]
[SourceQuality "1"]

1. e4 e5 2. Nc3 Nf6 3. g3 Nc6 4. Bg2 Bc5 5. Nge2 h5 6. Na4 Be7 7. d4 d6 8. d5 Nb8 9. c4 h4 10. h3 hxg3 11. fxg3 Bd7 12. Be3 Qc8 13. g4 c5 14. Nac3 Nh7 15. Qd2 Bh4+ 16. Kd1 a6 17. a4 a5 18. Ng1 Be7 19. Nf3 Na6 20. Ke2 Nb4 21. Raf1 Qc7 22. g5 0-0-0 23. h4 Kb8 24. Bh3 Be8 25. h5 g6 26. hxg6 fxg6 27. Be6 Bf8 28. Rh4 Qg7 29. Rfh1 Bd7 30. Bxd7 Qxd7 31. R1h3 Re8 32. Qd1 Re7 33. Qh1 Nc2 34. b3 b6 35. Nd1 Rg7 36. Nf2 Qf7 37. Ng4 Nxe3 38. Nxe3 Be7 39. Ng4 Kb7 40. Nf6 Nxg5 41. Nxg5 Qxf6 42. Rxh8 Qxg5 43. R3h7 Qg4+ 44. Qf3 Rxh7 45. Qxg4 Rxh8 46. Qd7+ Ka6 47. Qxe7 Rh2+ 48. Kd3 Rh3+ 49. Kc2 Rh2+ 50. Kc3 Re2 51. Qc7 Rh2 52. Qxd6 g5 53. Qxe5 Rh3+ 54. Kb2 g4 55. Qb8 Rh7 56. Qa8+ Ra7 57. Qc8+ Rb7 58. d6 b5 59. d7 1-0

[Event "Goch op 21st"]
[Site "Goch"]
[Date "2010.10.02"]
[Round "4"]
[White "Moloney, Nicholas"]
[Black "Buchkremer, Felix"]
[Result "1/2-1/2"]
[WhiteElo "2227"]
[BlackElo "2072"]
[PlyCount "75"]
[EventDate "2010.09.30"]
[EventType "swiss"]
[EventRounds "7"]
[EventCountry "GER"]
[SourceTitle "EXT 2012"]
[Source "ChessBase"]
[SourceDate "2011.11.24"]
[SourceVersion "1"]
[SourceVersionDate "2011.11.24"]
[SourceQuality "1"]

1. d4 f5 2. Bg5 g6 3. Nc3 Bg7 4. e4 fxe4 5. Nxe4 d5 6. Nc3 Nh6 7. Qd2 Nf7 8. Bf4 0-0 9. Nf3 Nc6 10. Bb5 Bg4 11. Bxc6 bxc6 12. Ne5 Nxe5 13. dxe5 d4 14. Ne4 Qd5 15. f3 Bxe5 16. Bxe5 Qxe5 17. 0-0-0 c5 18. Qa5 Bf5 19. Qxc5 Qf4+ 20. Kb1 Bxe4 21. fxe4 e5 22. Qd5+ Kg7 23. g3 Qf6 24. b3 Qe7 25. Rhf1 Rad8 26. Qc6 Qd6 27. Qxd6 Rxd6 28. Rxf8 Kxf8 29. Rf1+ Ke7 30. Kc1 Rf6 31. Rxf6 Kxf6 32. Kd2 Kg5 33. h3 h5 34. Ke2 h4 35. Kf3 c5 36. g4 Kf6 37. Ke2 Kg5 38. Kf3 1/2-1/2

[Event "Goch op 21st"]
[Site "Goch"]
[Date "2010.10.01"]
[Round "2"]
[White "Moloney, Nicholas"]
[Black "Verbeeren, Peter"]
[Result "1-0"]
[WhiteElo "2227"]
[BlackElo "1988"]
[PlyCount "59"]
[EventDate "2010.09.30"]
[EventType "swiss"]
[EventRounds "7"]
[EventCountry "GER"]
[SourceTitle "EXT 2012"]
[Source "ChessBase"]
[SourceDate "2011.11.24"]
[SourceVersion "1"]
[SourceVersionDate "2011.11.24"]
[SourceQuality "1"]

1. d4 Nf6 2. Bg5 c5 3. Bxf6 exf6 4. d5 Qb6 5. Qc1 g6 6. Nd2 f5 7. e3 Bg7 8. c3 d6 9. Ne2 Nd7 10. h4 h6 11. Qc2 Nf6 12. Nf4 Bd7 13. a4 Qc7 14. Bd3 Ke7 15. 0-0 Rae8 16. Nc4 b6 17. Rfe1 Kd8 18. h5 g5 19. Ne2 f4 20. exf4 Nxh5 21. f5 Bc8 22. Ne3 Bd7 23. Qb3 Qb7 24. Bb5 Re4 25. Nc4 Kc7 26. Bxd7 Kxd7 27. f3 Re7 28. Qb5+ Kc7 29. Ng3 Rxe1+ 30. Rxe1 1-0

[Event "Brezova op"]
[Site "Brezova pod Bradlom"]
[Date "2010.08.29"]
[Round "9"]
[White "Milcova, Zuzana"]
[Black "Moloney, Nicholas"]
[Result "1/2-1/2"]
[WhiteElo "1969"]
[BlackElo "2247"]
[PlyCount "43"]
[EventDate "2010.08.22"]
[EventType "swiss"]
[EventRounds "9"]
[EventCountry "SVK"]
[SourceTitle "CBM 138 Extra"]
[Source "ChessBase"]
[SourceDate "2010.10.29"]
[SourceVersion "1"]
[SourceVersionDate "2010.10.29"]
[SourceQuality "1"]

1. e4 c6 2. d4 d5 3. Nd2 dxe4 4. Nxe4 Nd7 5. Nf3 Ngf6 6. Nxf6+ Nxf6 7. c3 Bg4 8. h3 Bh5 9. Be2 e6 10. Bf4 Bd6 11. Bxd6 Qxd6 12. Ne5 Bxe2 13. Qxe2 0-0 14. 0-0 Rad8 15. Rad1 Nd5 16. Rfe1 Rfe8 17. Qh5 Qc7 18. a3 a5 19. c4 Nf4 20. Qg4 Ng6 21. Re3 Nxe5 22. dxe5 1/2-1/2